1455 1274 1319 1837 1068 1433 1149 1101 1627 1774 1713 1946 1217 1848 1143 1076 1794 1516 1603 1305 1923 1077 1903 1121 1685 1100 1516 1603 1129 1919 1420 1873 1345 1327 1742 1619 1371 1736 1874 1803 1754 1957 1948 1002 1010 1351 1916 1643 1614 1208 1602 1019 1523 1246 1613 1956 1951 1636 1472 1977 1558 1912 1553 1736 1524 1522 1771 1098 1296 1690 1393 1276 1558 1242 1549 1511 1547 1582 1977 1267 1261 1627 1330 1325 1070 1536 1661 1807 1724 1248 1268 1380 1182 1917 1279 1660 1972 1572 1013 BCNSPRNW ULIB Ver.6.0+V

เปลี่ยนเป็นภาษาไทย

Change to English
 แสดงรายละเอียดบรรณานุกรม
  กลับหน้าหลัก

Brief Record : Get Marc (ISO 2709) : E-mail record : QR code < ปิดหน้าต่าง
LEADER : 00000nam 2200000uu 4500
001    13399113611
003     ULIB
008    111128s2552||||th 000 0 tha d
020    ^a9786110600255
090    ^aนว.^bL111K 2552
100 0  ^aTheLittleFinger
245 00 ^aKiss of Mars ปฏิบัติการยึดรักข้ามดวงดาว/^cTheLittleFinger
250    ^aพิมพ์ครั้งที่ 1
260    ^aกรุงเทพฯ :^bแจ่มใส,^c2552
300    ^a258 หน้า
710 1  ^aแจ่มใส
945    ^p189^l0^i15822
995    ^aทศพร
999    ^aใช้งานได้ทุกระบบ
รายการนี้ยังไม่มีแท็ก
คุณยังไม่ได้ล็อกอิน คุณสามารถมีกิจกรรมร่วมกับเว็บไซต์ได้ แต่ต้องล็อกอินก่อน ::
  ล็อกอิน

รายการสื่อสารสนเทศ

ลำดับที่ ประเภท เลขเรียก/บาร์โค้ด สถานที่ สถานะ
1. นวนิยาย
นวนิยาย
นว. L111K 2552 ฉ.1 
  Barcode: 15822
ห้องสมุดวิทยาเขตสวรรค์ประชารักษ์
►นวนิยาย
บนชั้น
  ขอยืม

รายการใกล้เคียง
    ผู้แต่ง [TheLittleFinger]

BibComment


ยังไม่เคยถูกคอมเมนท์

คอมเมนท์ทรัพยากรรายการนี้
  คอมเมนท์: Kiss of Mars ปฏิ..


 Copyright 2026. Bcnsprnw @Library